000 00605nmm a2200229 a 4500
003 AR-BaBNM
005 20251128202801.0
008 170020s1972 ||||||||||||||000 | spa||
040 _cAR-BaBNM
100 1 _aZorraquín Becú, Horacio
245 1 0 _aTiempo y vida de José Hernández 1834-1886
260 _aBuenos Aires
_bEmecé
_c1972
300 _a356 p.
500 _aIndice de nombres citados p. 341-354
500 _aNotas al final de cada capítulo
650 4 _aLITERATURA ARGENTINA
650 4 _aENSAYO
650 4 _aBIOGRAFIAS
655 _aLITERATURA
942 _cBK
998 _cCarmen
999 _c554
_d554